Soakaway design (Record no. 115778)

MARC details
000 -LEADER
fixed length control field 00818cam a22002175a 4500
001 - CONTROL NUMBER
control field L159278
008 - FIXED-LENGTH DATA ELEMENTS--GENERAL INFORMATION
fixed length control field 070327s2016 xxkao f 000 0 eng d
020 ## - INTERNATIONAL STANDARD BOOK NUMBER
International Standard Book Number 9781848069186
035 ## - SYSTEM CONTROL NUMBER
System control number (Sirsi) u159278
041 0# - LANGUAGE CODE
Language code of text/sound track or separate title eng
050 04 - LIBRARY OF CONGRESS CALL NUMBER
Classification number 627.4 $2 18
110 2# - MAIN ENTRY--CORPORATE NAME
Corporate name or jurisdiction name as entry element Building Research Establishment
245 00 - TITLE STATEMENT
Title Soakaway design
260 ## - PUBLICATION, DISTRIBUTION, ETC.
Place of publication, distribution, etc. Watford
Name of publisher, distributor, etc. IHS BRE Press
Date of publication, distribution, etc. 2016
300 ## - PHYSICAL DESCRIPTION
Extent 8p.
Other physical details ill.
Dimensions 30cm.
490 #0 - SERIES STATEMENT
Series statement BRE Digest
Volume/sequential designation 365 (Revised)
520 ## - SUMMARY, ETC.
Summary, etc. Describes design and construction procedures for soakaways, explains how to calculate rainfall design values and soil infiltration rates, and gives design examples. Supersedes 2007 edition.
651 #4 - SUBJECT ADDED ENTRY--GEOGRAPHIC NAME
Geographic name United Kingdom
Chronological subdivision
690 ## - LOCAL SUBJECT ADDED ENTRY--TOPICAL TERM (OCLC, RLIN)
Topical term or geographic name as entry element ENVIRONMENTAL AND LAND CONSULTANCY-WATER RESOURCE MANAGEMENT-DRAINAGE-SUSTAINABLE URBAN DRAINAGE SYSTEMS
942 ## - ADDED ENTRY ELEMENTS (KOHA)
Suppress in OPAC 0
Holdings
Withdrawn status Lost status Source of classification or shelving scheme Damaged status Not for loan Home library Current library Shelving location Date acquired Total Checkouts Full call number Barcode Date last seen Copy number Price effective from Koha item type
    Dewey Decimal Classification     London London Boxed set 22/04/2016   BRE 30078883 06/08/2019 1 06/08/2019 Book